Catálogo
 En Linea

Carisma : (Registro nro. 38277)

Detalles MARC
000 -CABECERA
campo de control de longitud fija 00687nam a2200193 a 4500
001 - NÚMERO DE CONTROL
campo de control 000038787
005 - FECHA Y HORA DE LA ÚLTIMA TRANSACCIÓN
campo de control 20201002031354.0
008 - DATOS DE LONGITUD FIJA--INFORMACIÓN GENERAL
campo de control de longitud fija 130422s1999 ck 000 0 spa d
020 ## - NÚMERO INTERNACIONAL ESTÁNDAR DEL LIBRO
Número Internacional Estándar del Libro 9580448175
040 ## - FUENTE DE LA CATALOGACIÓN
Centro catalogador/agencia de origen DO-SdBNP
Lengua de catalogación spa
Centro/agencia transcriptor BNPHU
100 1# - ENTRADA PRINCIPAL--NOMBRE DE PERSONA
Nombre de persona Alessandra, Tony
9 (RLIN) 65091
240 10 - TÍTULO UNIFORME
Título uniforme Charisma
Lenguaje de la obra Español
245 10 - MENCIÓN DE TÍTULO
Título Carisma :
Resto del título 7 claves para desarrollar el magnetismo que lleva al éxito /
Mención de responsabilidad, etc. Tony Alessandra ; edición María Lucrecia Monares, traducción Helena Salazar.
260 ## - PUBLICACIÓN, DISTRIBUCIÓN, ETC.
Lugar de publicación, distribución, etc. Bogotá :
Nombre del editor, distribuidor, etc. Norma ,
Fecha de publicación, distribución, etc. 1999.
300 ## - DESCRIPCIÓN FÍSICA
Extensión 279 p. : ;
Dimensiones 23 cm.
500 ## - NOTA GENERAL
Nota general Traducido del idioma inglés
700 1# - PUNTO DE ACCESO ADICIONAL--NOMBRE DE PERSONA
Nombre de persona Monares, María Lucrecia
Término indicativo de función/relación ed.
9 (RLIN) 65092
700 1# - PUNTO DE ACCESO ADICIONAL--NOMBRE DE PERSONA
Nombre de persona Salazar, Helena
Término indicativo de función/relación tr.
9 (RLIN) 65093
Existencias
Estado de retiro Estado de pérdida Restricciones de uso No para préstamo Código de colección Localización permanente Ubicación/localización actual Ubicación en estantería Fecha de adquisición Número de inventario Total de préstamos Signatura topográfica completa Código de barras Fecha visto por última vez Precio válido a partir de Tipo de ítem Koha
        Monografías: Libros y Folletos General General Orden iniciada 22.04.2013 LF1   38787-10 25.06.2020 25.06.2020 No se presta

Con tecnología Koha